[Event "Katowice POL-HUN 7th"]
[Site "Katowice"]
[Date "2019.04.13"]
[Round "1"]
[White "Kurzok, Zenon"]
[Black "Bartel, Mateusz"]
[Result "0-1"]
[WhiteElo "1696"]
[BlackElo "2593"]
[PlyCount "50"]
[EventDate "2019.04.13"]
[EventType "swiss (rapid)"]
[EventRounds "9"]
[EventCountry "POL"]
[SourceTitle "CBM 189 Extra"]
[Source "ChessBase"]
[SourceDate "2019.06.03"]
[SourceVersion "1"]
[SourceVersionDate "2019.06.03"]
[SourceQuality "1"]

1. e4 Nf6 2. e5 Nd5 3. d4 d6 4. c4 Nb6 5. exd6 exd6 6. Nc3 Be7 7. Be2 0-0 8. Nf3 Re8 9. 0-0 Bf6 10. Be3 Nc6 11. d5 Ne5 12. Nxe5 Bxe5 13. Bd4 Qf6 14. Bxe5 Rxe5 15. Rc1 Bd7 16. b3 Rae8 17. Bf3 Nc8 18. Qc2 Ne7 19. Ne4 Qg6 20. Ng3 Qg5 21. Rce1 Ng6 22. Qd1 Nh4 23. Be2 Qe7 24. Qd2 Nf5 25. Nxf5 Bxf5 0-1

[Event "Gibraltar Amateur op-A"]
[Site "Caleta"]
[Date "2018.01.23"]
[Round "2"]
[White "Kurzok, Zenon"]
[Black "Lochte, Szilvia"]
[Result "1/2-1/2"]
[WhiteElo "1728"]
[BlackElo "1862"]
[PlyCount "39"]
[EventDate "2018.01.22"]
[EventType "swiss"]
[EventRounds "5"]
[EventCountry "GGB"]
[SourceTitle "EXT 2019"]
[Source "ChessBase"]
[SourceDate "2018.10.10"]
[SourceVersion "1"]
[SourceVersionDate "2018.10.10"]
[SourceQuality "1"]

1. e4 c5 2. Nf3 e6 3. d4 cxd4 4. Nxd4 a6 5. Nd2 Nc6 6. Nxc6 dxc6 7. Bd3 Qc7 8. 0-0 Nf6 9. Qe2 e5 10. h3 Be6 11. a4 a5 12. Nc4 Bc5 13. Bd2 b6 14. Kh1 0-0 15. f4 Bxc4 16. Bxc4 Rad8 17. Bd3 Qd6 18. f5 Bd4 19. Rab1 Bc5 20. g4 1/2-1/2

[Event "Marianske Lazne op 12th"]
[Site "Marianske Lazne"]
[Date "2013.01.23"]
[Round "6"]
[White "Normann, Olaf"]
[Black "Kurzok, Zenon"]
[Result "1-0"]
[WhiteElo "1971"]
[BlackElo "1784"]
[PlyCount "77"]
[EventDate "2013.01.19"]
[EventType "swiss"]
[EventRounds "9"]
[EventCountry "CZE"]
[SourceTitle "CBM 152 Extra"]
[Source "ChessBase"]
[SourceDate "2013.02.25"]
[SourceVersion "1"]
[SourceVersionDate "2013.02.25"]
[SourceQuality "1"]

1. d4 Nf6 2. c4 c5 3. e3 b5 4. cxb5 a6 5. bxa6 Bxa6 6. Bxa6 Rxa6 7. Nf3 Qa5+ 8. Qd2 Nc6 9. Qxa5 Rxa5 10. Bd2 Rb5 11. b3 cxd4 12. exd4 Ne4 13. Nc3 Nxc3 14. Bxc3 e6 15. Kd2 Ba3 16. Kc2 0-0 17. Kd3 f6 18. Rhd1 Ra8 19. Ne1 h5 20. Rdb1 h4 21. Nc2 Bd6 22. a4 Rf5 23. b4 Rxf2 24. a5 Rxg2 25. b5 Nb8 26. a6 Bxh2 27. a7 h3 28. b6 Nc6 29. Nb4 Nd8 30. Na6 Nc6 31. Nc7 Bxc7 32. bxc7 h2 33. Rb8+ Kf7 34. c8Q Nxb8 35. Qxb8 Rxa7 36. Qxa7 Rg1 37. Qxd7+ Kg6 38. Qe8+ Kg5 39. Qh8 1-0

[Event "Marianske Lazne op"]
[Site "Marianske Lazne"]
[Date "2011.01.22"]
[Round "9"]
[White "Kurzok, Zenon"]
[Black "Houzva, Viktor"]
[Result "1-0"]
[WhiteElo "1703"]
[BlackElo "2094"]
[PlyCount "103"]
[EventDate "2011.01.15"]
[EventType "swiss"]
[EventRounds "9"]
[EventCountry "CZE"]
[SourceTitle "CBM 140 Extra"]
[Source "ChessBase"]
[SourceDate "2011.03.01"]
[SourceVersion "1"]
[SourceVersionDate "2011.03.01"]
[SourceQuality "1"]

1. e4 Nf6 2. e5 Nd5 3. d4 d6 4. c4 Nb6 5. exd6 exd6 6. Nc3 g6 7. Be3 Bg7 8. Rc1 0-0 9. Be2 Nc6 10. Nf3 Bf5 11. 0-0 Re8 12. Qd2 Bg4 13. b3 d5 14. c5 Nc8 15. h3 Bf5 16. g4 Be6 17. Bh6 N8e7 18. Bxg7 Kxg7 19. Ng5 Qd7 20. Rce1 Ng8 21. Bf3 Nf6 22. Bg2 Rad8 23. Ne2 h6 24. Nf3 h5 25. gxh5 Nxh5 26. Ng5 Bf5 27. Ng3 Nxg3 28. fxg3 f6 29. g4 Rxe1 30. Rxe1 Be4 31. Nxe4 dxe4 32. Bxe4 Nxd4 33. Qf2 c6 34. Bg2 Ne6 35. Qe3 Kf7 36. Bf1 Qd4 37. Bc4 Rd5 38. Qxd4 Nxd4 39. Bxd5+ cxd5 40. Rd1 Nc6 41. Rxd5 Ke7 42. a3 Na5 43. b4 Nc4 44. Rd3 Ne5 45. Re3 Ke6 46. Kg2 Kd5 47. Kg3 a5 48. h4 Kd4 49. Re1 axb4 50. axb4 Nd3 51. Rd1 Kc4 52. Rxd3 1-0